| 000 | 00876nam a22002297a 4500 | ||
|---|---|---|---|
| 999 |
_c7155 _d7155 |
||
| 003 | AR-CdUCM | ||
| 008 | 190320b ||||| |||| 00| 0 spa d | ||
| 040 |
_aMUNICIPALIDAD PROVINCIAL DEL CUSCO _cBIBLIOTECA MUNICIPAL DEL CUSCO |
||
| 082 |
_a335.4 / _bCh41 |
||
| 100 |
_aChesneaux, Jean _920175 |
||
| 245 | _aEl modo de producción Asiático / | ||
| 260 |
_aMexico : _bGrijalbo, _c1969. |
||
| 300 |
_a157 páginas ; _c18 cm. |
||
| 440 |
_aColección 70 _n42 _920176 |
||
| 505 | _aEl modo de producción Asiático en el marco de las sociedades pre capitalistas -- El modo de producción Asiático -- Una nueva fase de discusión sobre las formaciones históricas... | ||
| 650 |
_aAsia. _93888 |
||
| 650 |
_aModos de producción. _920177 |
||
| 650 |
_aSociedades precapitalistas. _920178 |
||
| 700 |
_aBartra, Roger (traductor) _920179 |
||
| 942 |
_2ddc _cLIBROS |
||
| 945 | _awfj | ||